00625nam a2200193 a 4500001001300000003000900013005001700022008004100039020001000080082001600090100002400106245007300130260004100203300001000244500003500254505010000289650001800389700002400407nice12345678IN_TiNIC20260116013917.0050524s1989 newa grp 000 0 eng  ac15000a297.09bHUR aHurgronje, C Snouck aIslamb Origin Religious and Political Growth and Its Present State. aNew DelhibMittal Publicationsc1989 a184p. aincludes index and biblioraphy2 athis is a fascinating study of the origin and the religious and political development of islam. aIslam-History1 aHurgronje, C Snouck